| 000 | 00369 a2200157 4500 | ||
|---|---|---|---|
| 001 | 157525 | ||
| 040 | _cEscola São Tomás de Aquino | ||
| 100 | _aUSAI, Remo | ||
| 240 | 1 | 0 |
_aSeu flautim na praça da harmonia _lpor |
| 245 | 1 | 0 | _aSeu flautim na praça da harmonia |
| 300 | _a44 | ||
| 362 | 0 | _a2011 | |
| 440 | 1 | _aRHJ | |
| 697 | _a*LITERATURA INFANTIL | ||
| 942 | _cBK | ||
| 999 |
_c157525 _d157525 |
||